Same Movie, Different Name Quiz Stats

Quiz Updated Feb 11, 2014

Challenge
Share
Tweet
Embed
Score 0/28 Timer 04:00
0 Plays Today
% Correct
A Bug's Life
91.4%
Antz
89%
Babe
76.5%
Armageddon
57.9%
Saving Private Ryan
53.7%
The Prestige
45.1%
Volcano
39.4%
Anaconda
38.8%
The Illusionist
38.6%
Truman Show
37%
Turner And Hooch
34.6%
Road Trip
32.9%
Deep Impact
32.8%
Dante's Peak
30.3%
% Correct
ED TV
28.1%
Tombstone
26.2%
Mission To Mars
24.1%
K-9
22.2%
Red Planet
22%
Lake Placid
21.3%
Wyatt Earp
19.1%
The Thin Red Line
16.9%
Prefontaine
14.2%
Gordy
6.6%
Vice Versa
4.2%
Like Father Like Son
3.1%
Without Limits
2.8%
Overnight Delivery
2.1%

You're not logged in!

Compare scores with friends on all Sporcle quizzes.
Join for Free
OR
Log In

You Might Also Like...

Show Comments

Extras

Top Quizzes Today


Score Distribution

Your Account Isn't Verified!

In order to create a playlist on Sporcle, you need to verify the email address you used during registration. Go to your Sporcle Settings to finish the process.

Report this User

Report this user for behavior that violates our Community Guidelines.

Details: